School librarian and school library review (Record no. 59450)
[ view plain ]
| 000 -LEADER | |
|---|---|
| fixed length control field | 00310nam a22000977a 4500 |
| 008 - FIXED-LENGTH DATA ELEMENTS--GENERAL INFORMATION | |
| fixed length control field | 230821b |||||||| |||| 00| 0 eng d |
| 040 ## - CATALOGING SOURCE | |
| Original cataloging agency | National Science Library |
| Transcribing agency | National Science Library |
| 245 ## - TITLE STATEMENT | |
| Title | School librarian and school library review |
| 260 ## - PUBLICATION, DISTRIBUTION, ETC. | |
| Place of publication, distribution, etc. | Scotland: |
| Name of publisher, distributor, etc. | School Library Association, |
| 942 ## - ADDED ENTRY ELEMENTS (KOHA) | |
| Koha item type | Continuing Resources |
| Withdrawn status | Lost status | Materials specified (bound volume or other part) | Damaged status | Not for loan | Home library | Current library | Shelving location | Date acquired | Total Checkouts | Barcode | Date last seen | Price effective from | Koha item type |
|---|---|---|---|---|---|---|---|---|---|---|---|---|---|
| Vol. 12, 1964 | National Science Library | National Science Library | SF/Rk-35/C-3/R-4 | 23/08/2023 | 16381 | 23/08/2023 | 23/08/2023 | Continuing Resources | |||||
| Vol. 16, 1968 | National Science Library | National Science Library | SF/Rk-35/C-3/R-4 | 23/08/2023 | 30076 | 23/08/2023 | 23/08/2023 | Continuing Resources | |||||
| Vol. 13, 1985 | National Science Library | National Science Library | SF/Rk-35/C-3/R-4 | 12/10/1966 | 16382 | 23/08/2023 | 23/08/2023 | Continuing Resources | |||||
| Vol. 14, 1966 | National Science Library | National Science Library | SF/Rk-35/C-3/R-4 | 12/10/1966 | 22153 | 23/08/2023 | 23/08/2023 | Continuing Resources | |||||
| Vol. 15, 1967 | National Science Library | National Science Library | SF/Rk-35/C-3/R-4 | 12/10/1966 | 26460 | 23/08/2023 | 23/08/2023 | Continuing Resources |